Normal view
MARC view
- Detective and mystery stories
Entry Topical Term
001 - CONTROL NUMBER
- control field: 91406
003 - CONTROL NUMBER IDENTIFIER
- control field: NUST
005 - DATE AND TIME OF LATEST TRANSACTION
- control field: 20220509154341.0
008 - FIXED-LENGTH DATA ELEMENTS
- fixed length control field: 220509|| aca||aabn | a|a d
040 ## - CATALOGING SOURCE
- Original cataloging agency: NUST
- Transcribing agency: NUST
150 ## - HEADING--TOPICAL TERM
- Topical term or geographic name entry element: Detective and mystery stories
- General subdivision: Authorship
- Form subdivision: Fiction
670 ## - SOURCE DATA FOUND
- Source citation: Work cat.: (NUST)0: Matetsky, Amanda. 91405, Murderers prefer blondes /, 2003.
